| 000 | 00349nam a2200145Ia 4500 | ||
|---|---|---|---|
| 008 | 191201s2008 xx 000 0 und d | ||
| 082 |
_a006.7 _bMUF |
||
| 100 | _aMUKHERJEE, D P | ||
| 245 | 0 | _aFundamentals of Computer Graphics and Multimedia | |
| 250 | _a11th | ||
| 260 |
_aN.Delhi _bPHI _c2008 |
||
| 300 | _a182 | ||
| 650 | _aMCA | ||
| 942 |
_2ddc _cBK |
||
| 999 |
_c3656 _d3656 |
||